Čyslivnyky v slov'jans'kych movach (porivnjal'no-istoryčnyj narys)

Bibliographic Details
Main Author: Lukinova, Tatjana Borysivna (Author)
Format: Book
Language:Ukrainian
PhysicalDescription:369 [3] s. 21 cm
Published: Kyjiv Naukova dumka 2000
ISBN:9660005679
Subjects:

MARC

LEADER 00000nam a2200000 a 4500
001 vtls001424251
003 SK-MaSNL
005 20260301072417.0
008 240318s2000 UA a r y ukr
015 |a SNBZSA2002-00064 
020 |a 9660005679 
035 |a SNK000379131 
035 |a urn:nbn:sk:snk-amk1il 
035 |a urn:nbn:sk:snk-am0087kv 
035 |a 5C02DF13-34E6-4EC2-B61A-071887C8B5FC 
040 |a SNK  |b slo  |c SNK  |e AACR2 
041 0 |a ukr 
044 |a UA 
080 |a 808.1-26=83  |2 1981 
100 1 |a Lukinova, Tatjana Borysivna  |4 aut  |9 391821 
245 1 0 |a Čyslivnyky v slov'jans'kych movach  |b (porivnjal'no-istoryčnyj narys)  |c T.B. Lukinova 
260 |a Kyjiv  |b Naukova dumka  |c 2000 
300 |a 369 [3] s.  |c 21 cm 
504 |a Bibliogr. s. 337-368. Skrat. 
650 0 7 |a slovanské jazyky  |x číslovky  |2 SNK  |9 66215 
655 7 |a príručky  |2 SNK  |9 74364 
919 |a 966-00-0567-9 
958 |a ZS 
958 |a TL 
958 |a NB 
958 |a SS 
958 |a OND 
999 |c 640939  |d 642869 
952 |t P60, <03>, [BOOK], {603}  |a SNK  |b SNK  |y PREZ  |7 0  |p 17A0325458  |o snkSC 107089  |i snkV 106/2002  |0 0  |1 0  |4 0  |d 2002-01-22  |f 1  |l 0  |r 2025-09-26 00:00:00  |w 2026-02-23